[Event "Moscow op-B"]
[Site "Moscow"]
[Date "2010.02.07"]
[Round "9.94"]
[White "Azizyan, Genrikh"]
[Black "Pechonkin, Oleg"]
[Result "1-0"]
[WhiteElo "2121"]
[BlackElo "1893"]
[PlyCount "63"]
[EventDate "2010.01.30"]
[EventType "swiss"]
[EventRounds "9"]
[EventCountry "RUS"]
[SourceTitle "EXT 2023"]
[Source "ChessBase"]
[SourceDate "2022.10.05"]
[SourceVersion "1"]
[SourceVersionDate "2022.10.05"]
[SourceQuality "1"]

1. d4 d5 2. c4 dxc4 3. Nf3 Bg4 4. e3 e5 5. Bxc4 Bb4+ 6. Nc3 Nc6 7. Qb3 Qe7 8. Nxe5 Nxe5 9. dxe5 0-0-0 10. 0-0 Bxc3 11. Qxc3 Nh6 12. e4 Rhe8 13. Bf4 g5 14. Bg3 Be6 15. Bb5 c6 16. Rfd1 Kb8 17. Be2 Ka8 18. Rd6 Ng8 19. Rad1 f5 20. exf5 Bxf5 21. Bf3 Rxd6 22. exd6 Qd7 23. h3 g4 24. hxg4 Bxg4 25. Rc1 Bxf3 26. Qxf3 Nh6 27. Qf6 Ng4 28. Qd4 b6 29. b4 Qe6 30. f3 Nf6 31. Re1 Qf7 32. Rxe8+ 1-0

[Event "Zvenigorod Autumn op-B"]
[Site "Zvenigorod"]
[Date "2008.09.27"]
[Round "5"]
[White "Trifonov, Pavel"]
[Black "Azizyan, Genrikh"]
[Result "1-0"]
[WhiteElo "2213"]
[BlackElo "2133"]
[PlyCount "111"]
[EventDate "2008.09.25"]
[EventType "swiss"]
[EventRounds "9"]
[EventCountry "RUS"]
[SourceTitle "EXT 2022"]
[Source "ChessBase"]
[SourceDate "2021.10.06"]
[SourceVersion "1"]
[SourceVersionDate "2021.10.06"]
[SourceQuality "1"]

1. d4 Nf6 2. c4 g6 3. Nc3 Bg7 4. e4 0-0 5. Nf3 d6 6. Be2 e5 7. d5 a5 8. Be3 Na6 9. Nd2 Nc5 10. b3 Bd7 11. Rb1 Ne8 12. 0-0 f5 13. f3 Nf6 14. a3 Nh5 15. b4 axb4 16. axb4 Na4 17. Qc2 Nf4 18. Rfe1 Qg5 19. Bf1 Nh3+ 20. Kh1 f4 21. Bg1 Nxg1 22. Kxg1 Qh4 23. Nb5 Bxb5 24. cxb5 Qe7 25. Rec1 Rf7 26. Ra1 Nb6 27. Rxa8+ Nxa8 28. Qa4 Nb6 29. Qa7 g5 30. Qxb7 Bf8 31. Nc4 Nxc4 32. Bxc4 h5 33. Be2 Rg7 34. Qc8 Qd7 35. Qxd7 Rxd7 36. Rc6 Be7 37. Ra6 Kf7 38. Ra7 Rd8 39. Rxc7 Rb8 40. Kf1 Ke8 41. Ke1 Bd8 42. Rh7 h4 43. Kd2 Kf8 44. Kc3 Ke8 45. Kb3 Kf8 46. h3 Ke8 47. b6 Rxb6 48. Ka4 Rb8 49. Bb5+ Kf8 50. Bc6 Bf6 51. Ka5 Bd8+ 52. Ka6 Rxb4 53. Rh8+ Kg7 54. Rxd8 Rb2 55. Rxd6 Rxg2 56. Bd7 1-0

[Event "Zvenigorod Autumn op-B"]
[Site "Zvenigorod"]
[Date "2008.09.25"]
[Round "1"]
[White "Shaydullina, Sandugach"]
[Black "Azizyan, Genrikh"]
[Result "1-0"]
[WhiteElo "2291"]
[BlackElo "2133"]
[PlyCount "53"]
[EventDate "2008.09.25"]
[EventType "swiss"]
[EventRounds "9"]
[EventCountry "RUS"]
[SourceTitle "EXT 2022"]
[Source "ChessBase"]
[SourceDate "2021.10.06"]
[SourceVersion "1"]
[SourceVersionDate "2021.10.06"]
[SourceQuality "1"]

1. d4 Nf6 2. c4 g6 3. Nc3 Bg7 4. Nf3 0-0 5. g3 d6 6. Bg2 Nbd7 7. 0-0 c6 8. h3 e5 9. e4 Re8 10. Be3 exd4 11. Nxd4 Nc5 12. Qc2 a5 13. Rad1 Qc7 14. Rfe1 Ne6 15. Nde2 Nd7 16. f4 Ndc5 17. g4 Qe7 18. Qd2 Bf8 19. Ng3 f6 20. Re2 b6 21. e5 dxe5 22. Bxc6 Bb7 23. Nd5 Qg7 24. Bxe8 Rxe8 25. f5 Ng5 26. Bxg5 fxg5 27. Qxg5 1-0

[Event "Moscow Aeroflot op-C"]
[Site "Moscow"]
[Date "2006.02.14"]
[Round "8"]
[White "Kaganskiy, Gleb"]
[Black "Azizyan, Genrikh"]
[Result "1-0"]
[WhiteElo "2353"]
[BlackElo "2192"]
[PlyCount "86"]
[EventDate "2006.02.07"]
[EventType "swiss"]
[EventRounds "9"]
[EventCountry "RUS"]
[SourceTitle "EXT 2007"]
[Source "ChessBase"]
[SourceDate "2006.11.23"]
[SourceVersion "1"]
[SourceVersionDate "2006.11.23"]
[SourceQuality "1"]

1. Nf3 Nf6 2. c4 g6 3. Nc3 Bg7 4. e4 d6 5. d4 0-0 6. Be2 e5 7. 0-0 Nc6 8. d5 Ne7 9. b4 a5 10. Ba3 axb4 11. Bxb4 b6 12. a4 Ne8 13. Nb5 h6 14. a5 bxa5 15. Rxa5 Rxa5 16. Bxa5 f5 17. Nd2 Bd7 18. Qc2 fxe4 19. Nxe4 Nf5 20. c5 Bxb5 21. Bxb5 Nd4 22. Qc4 Nxb5 23. Qxb5 dxc5 24. Qxc5 Rf7 25. Qc6 Nf6 26. d6 Ne8 27. dxc7 Nxc7 28. Rc1 Qd4 29. Bxc7 Rxc7 30. Qxc7 Qxe4 31. Qc4+ Qxc4 32. Rxc4 Kf7 33. Rc6 h5 34. Kf1 Bh8 35. Ke2 Bg7 36. Kf3 Bf6 37. Ke4 Kg7 38. Kd5 Kf7 39. Rc7+ Kg8 40. Ke6 Bg7 41. f3 Bh8 42. Rc8+ Kh7 43. Kf7 Bg7 1-0